LEADER 00948nam a2200217 i 4500 001 000000232676 003 CaOOAMICUS 005 20140903000000.0 008 140903s1979 it u000 u ita u 013 $a211579 040 $aSeMil$bita 100 1 $aRegina, Umberto,$d<1937- >.$0(OLS)http://semarc/name/15871 245 13$aLa vita di Gesł e la filosofia moderna :$buno studio su David Friedrich Strauss /$cUmberto Regina. 260 $aBrescia :$bMorcelliana,$ccopyr. 1979. 300 $a557 p. ;$c22 cm. 500 $aContiene : Bibliografia. 600 14$aStrauss, David Friedrich <1808-1874>.$0(OLS)http://semarc/subject/10713 850 $aSeMil 852 $aSeMil$W1$xVenegono$y1$m2Z II 285$j183022$B183022$CSeMilBibl$Z2$F194026 $81 996 $6245$aLa vita di Gesł e la filosofia moderna :$buno studio su David Friedrich Strauss$9(OLS)http://semarc/title/331977 996 $6260$aBrescia :$bMorcelliana$9(OLS)http://semarc/publisher/29629 LEADER 00868nam a2200241 4500 001 000000366201 003 CaOOAMICUS 005 20260202101919.0 008 260202s2015 it 000 u ita r 020 $a978-88-8155-655-7 040 $aSeMil$bita 100 1 $aCorti, Eugenio,$d<1921-2014>.$0(OLS)http://semarc/name/22553 245 10$aCatone l'antico :$bromanzo /$cEugenio Corti. 250 $a3. ed. 264 1$aMilano :$bAres,$c2015. 300 $a437 p. ;$c21 cm 850 $aSeMil 852 $aSeMil$W1$xVenegono$y1$m1A VI 83$j267070$B256969$CSeMilBibl$Z2$F256969 $81 961 $aBuzzi mons. Franco - Omaggio 996 $6020$a978-88-8155-655-7$9(OLS)http://semarc/number/305183 996 $6245$aCatone l'antico :$bromanzo$9(OLS)http://semarc/title/457927 996 $6264$aMilano :$bAres$9(OLS)http://semarc/publisher/30250